00792nam a2200241Ia 4500008004100000020001500041050002300056100002600079240003800105245004100143250001800184260003200202300003700234336001000271337001400281338001200295500003500307504004100342505009300383650002200476650002300498700002900521120720s1999 hk a 000 0 spa d a8487756085 aNC730 bS6418 1999 aSmith, Rayeespañol14aThe Artist´s Handbooklespañol13aEl Manual del Artista c / Ray Smith a2a. edición aHong Kongb : Blumec, 1999 a352 páginasb : illustraciones atexto asin medio avolumen aIncluye: índice (pp.346-351) aIncluye: bibliografía (pp.344-345) aMateriales Dibujos Pintura Impresión Color y perpectiva Conservación y enmarcado 10aDIBUJOxTÉCNICA20aPINTURAxTÉCNICA aGuerrero, Maretraductor